00462nam a2200157Ia 4500008004100000020001300041082001700054100003300071245003800104250000700142260003500149300003000184500001900214600002100233650005000254240925s9999 xx 000 0 und d a72132183 a005.7585 LON aLoney, Kevin; Thankkar, Megh 0aOracle 9i Instant Pl/SQL Scripts  aNA aNew York:bMcGraw-Hillc,2001. axxviii,573p.bNAfPirated aIncludes Index aComputer Science aComputer science, information & general works